000 01173aam a2200361 a 4500
001 015752812
003 OSt
005 20140326095038.0
008 101228t2011 xxuad frbd 001 0 eng d
020 _a9780470635605 (hbk.)
020 _a0470635606 (hbk.)
020 _z9781118064184 (ebk.)
020 _z9781118064191 (ebk.)
020 _z9781118064207 (ebk.)
040 _aStDuBDS
_beng
_cStDuBDS
_dUk
082 0 4 _a657.3
_222
_bFRI
100 1 _aFridson, Martin S.
_935782
245 1 0 _aFinancial statement analysis :
_ba practitioner's guide /
_cMartin Fridson, Fernando Alvarez.
250 _a4th ed.
260 _aHoboken, United States :
_bJohn Wiley & Sons, Inc.,
_cc.2011.
300 _axv, 378 p. :
_bcharts, tables ;
_c24 cm.
490 0 _aWiley finance ;
_v597
500 _aGlossary : p. 353-366.
500 _aIndex : p. 371-378.
504 _aBibliography : p. 367.
650 0 _aFinancial statements
_94982
650 0 _aRatio analysis
_935783
653 _bBUSADM
_cMarch2014
655 _vreading book
_934232
690 7 _aManagement and Business Studies
_2blcoll
700 1 _aAlvarez, Fernando,
_d1964-
_935784
942 _2ddc
_k657.3 FRI
999 _c18171
_d18143